000 00273nam a22001217a 4500
008 181205b xxu||||| |||| 00| 0 eng d
041 _aeng
080 _a721
100 _a44
101 _aNDE
245 _aThe American Builder's Companion
_cBenjamin,A
942 _2udc
_cBK
999 _c52835
_d52835